000 00425nam a22001577a 4500
005 20150506111105.0
008 150506b xxu||||| |||| 00| 0 eng d
020 _a9694163021
040 _cPK-LaUMT
082 _aKHC 306.0955
_bHUS-J
100 _aHussian Nasr
245 _aA journey through persian history and culture
_cHussain Nasr
260 _aLahore
_bIqbal Academy Pakistan
_c2000
300 _a75 p.
942 _cBK
999 _c70844
_d70844